[Event "HUN-ch Rapid 2018"]
[Site "Ajka"]
[Date "2018.07.21"]
[Round "8"]
[White "Papp, Gabor"]
[Black "Galyas, Miklos"]
[Result "1-0"]
[WhiteElo "2574"]
[BlackElo "2382"]
[Annotator "TA"]
[PlyCount "75"]
[EventDate "2018.07.20"]
[EventType "swiss"]
[EventCountry "HUN"]
[SourceTitle "playchess.com"]
[Source "ChessBase"]
[SourceQuality "1"]

{[%evp 12,75,67,41,54,54,68,41,63,58,50,50,62,61,63,38,53,29,20,29,72,84,79,79,75,72,91,92,74,38,106,92,122,118,191,114,112,98,130,129,112,108,163,172,344,311,308,304,704,716,1062,975,979,780,779,778,762,747,871,465,517,472,1425,1381,1665,1608]} 1. e4 d5 2. exd5 Qxd5 3. Nc3 Qd6 4. d4 Nf6 5. Nf3 c6 6. Be2 {B01: Skandinavische Verteidigung} (6. Ne5 Nbd7 7. f4 Nb6 8. g4 g6 9. Bg2 Bg7 10. O-O O-O 11. f5 Rd8 12. Ne2 Nfd7 13. Nxf7 Kxf7 14. Bf4 {1-0 (43) Safarli,E (2657)-Hera,I (2620) Brest 2018}) 6... Bf5 7. O-O {LiveBook: 12 Partien} e6 8. Nh4 {Weiß steht etwas besser.} Bg6 9. Bf3 Be7 10. Nxg6 hxg6 {[%csl Gh8][%cal Rd6h2]} 11. g3 Nbd7 $146 ({Vorgänger:} 11... O-O 12. Bf4 Qb4 13. a3 Qa5 {1-0 (46) Haavamae,H (2019)-Nero,G (1813) Viljandi 2016}) 12. Bf4 Qb4 13. Qd2 Qa5 14. a3 Qf5 {Droht stark ...g5!} 15. Bg2 Nd5 16. Nxd5 cxd5 17. h4 Rc8 18. c3 Nb6 19. Rfe1 Nc4 20. Qc1 g5 (20... O-O $14) 21. hxg5 $16 Qh7 22. b3 Nd6 {[#]} (22... Na5 $16 {kämpft weiter.}) 23. Qe3 (23. Bxd6 $1 $18 Bxd6 24. Bxd5) 23... Nf5 24. Qf3 Kf8 25. a4 Kg8 26. Rac1 Qg6 {[#]} (26... b6 $16) 27. c4 $1 $18 {[%cal Rc4d5]} (27. g4 Nh4 $11) 27... dxc4 $2 (27... Ba3 {war einen Versuch wert.}) 28. Qxb7 Rf8 29. g4 (29. Qxa7 Bxg5 30. Bxg5 Qxg5 $16) ({Auf keinen Fall} 29. Rxc4 $6 Bxg5 30. Be5 a5 $16) 29... Nxd4 $2 (29... Ba3 30. Ra1 (30. Rxc4 Nd6 $18) (30. Qxa7 Nh4 $14) 30... Bb2) 30. Qxe7 {Weiß steht klar auf Gewinn.} Qd3 31. Bd6 Rc8 32. g6 Qxg6 33. Rxc4 Rxc4 34. bxc4 Rh6 35. Qe8+ Kh7 36. Be4 Nf5 (36... f5 $142 37. Qxg6+ Rxg6) 37. f3 Qg5 38. Qxf7 {Precision: Weiß = 78%, Schwarz = 25%.} 1-0

[Event "HUN-ch Rapid 2018"]
[Site "Ajka"]
[Date "2018.07.21"]
[Round "8"]
[White "Ruck, Robert"]
[Black "Szelenyi, Norbert"]
[Result "1/2-1/2"]
[WhiteElo "2570"]
[BlackElo "2284"]
[Annotator "TA"]
[PlyCount "77"]
[EventDate "2018.07.20"]
[EventType "swiss"]
[EventCountry "HUN"]
[SourceTitle "playchess.com"]
[Source "ChessBase"]
[SourceQuality "1"]

{[%evp 13,77,37,53,57,66,59,60,58,64,66,67,63,66,69,68,68,73,78,80,87,88,89,81,72,87,68,62,0,0,0,0,-29,-29,-29,0,-43,-43,-43,-43,-56,-29,-30,0,-43,-29,-29,0,-43,-18,-146,-25,-27,0,-37,-29,-29,-28,-27,-27,-29,-20,-31,-29,-32,-25,-52]} 1. Nf3 d5 2. d4 Nf6 3. c4 e6 4. Nc3 Bb4 5. Bg5 dxc4 6. e4 b5 7. a4 {D39: Queen's Gambit Declined: Ragozin Defence with 5 Bg5 dxc4} Bb7 {LiveBook: 3 Games} (7... c5 8. axb5 cxd4 9. Nxd4 h6 10. Bxf6 Qxf6 11. b6 a5 12. Bxc4 O-O 13. O-O Bxc3 14. bxc3 Nd7 15. Nxe6 fxe6 {½-½ (57) Grischuk,A (2750)-Carlsen,M (2832) chess.com INT 2017}) 8. axb5 Bxe4 9. Bxc4 {White is slightly better.} h6 10. Bh4 O-O $146 ({Predecessor:} 10... Nbd7 11. O-O Bb7 12. Qe2 O-O 13. Rad1 Nb6 14. Ba2 Be7 {½-½ (69) Naumkin,I (2435)-Cornette,M (2447) Montecatini Terme 2006}) 11. O-O Bb7 12. Ne5 Be7 13. Re1 {Threatens to win with Qe2.} Nbd7 14. Nxf7 Rxf7 ({Wrong is} 14... Kxf7 $2 15. Bxe6+ (15. Qe2 g5 $18) 15... Ke8 16. Qd3 $18) 15. Bxe6 Nf8 16. Bxf7+ Kxf7 17. Qb3+ Kg6 18. Re3 Kh7 19. Rae1 Bd6 20. Ne4 (20. h3 $14) 20... Bxe4 $11 21. Rxe4 Kh8 22. Bxf6 Qxf6 23. g3 Rb8 24. Qa4 Qf5 25. Qxa7 Qxb5 26. R1e2 Qb6 {[%mdl 1024] Black has compensation.} 27. Qa4 Qb5 28. Qc2 Qb3 29. Qc6 Qb5 30. Qc3 Qd5 31. Kg2 {[#]} (31. Re8 $11 {keeps the balance.} Rb3 32. Qc2) 31... Re8 (31... Ne6 $1 $17 {Strongly threatening ...Rb3.} 32. f3 Rb3) 32. Qf3 Rb8 33. h4 Rb3 34. R4e3 Qxf3+ 35. Kxf3 Rb4 36. Rd3 Kg8 37. Ke3 Kf7 38. Kf3 Ne6 39. Red2 {Precision: White = 60%, Black = 56%.} 1/2-1/2

[Event "HUN-ch Rapid 2018"]
[Site "Ajka"]
[Date "2018.07.21"]
[Round "8"]
[White "Vertetics, Attila"]
[Black "Volosin, Vladimir"]
[Result "1-0"]
[WhiteElo "2506"]
[BlackElo "2250"]
[Annotator "ChessBase"]
[PlyCount "75"]
[EventDate "2018.07.20"]
[EventType "swiss"]
[EventCountry "HUN"]
[SourceTitle "playchess.com"]
[Source "ChessBase"]
[SourceQuality "1"]
[TimeControl "1200+5"]

1. d4 {[%emt 0:00:01]} c6 {[%emt 0:00:08]} 2. c4 {[%emt 0:00:06]} d5 {[%emt 0:00:01]} 3. cxd5 {[%emt 0:00:01]} cxd5 {[%emt 0:00:01]} 4. Bg5 {[%emt 0:00:02]} Qb6 {[%emt 0:00:20]} 5. Qd2 {[%emt 0:00:20]} Nc6 {[%emt 0:00:12]} 6. e3 {[%emt 0:00:03]} Bf5 {[%emt 0:00:15]} 7. Nc3 {[%emt 0:00:05]} e6 {[%emt 0:00:03]} 8. Bb5 {[%emt 0:01:28]} Bb4 {[%emt 0:00:23]} 9. Bxc6+ {[%emt 0:00:44]} Qxc6 {[%emt 0:00:09]} 10. Nge2 {[%emt 0:00:06]} Nf6 {[%emt 0:00:15]} 11. f3 {[%emt 0:00:30]} Rc8 {[%emt 0:00:17]} 12. Rc1 {[%emt 0:00:16]} O-O {[%emt 0:00:11]} 13. a3 {[%emt 0:01:45]} Bxc3 {[%emt 0:00:15]} 14. Rxc3 {[%emt 0:00:30]} Qa6 {[%emt 0:00:06]} 15. Bxf6 {[%emt 0:00:05]} gxf6 {[%emt 0:00:01]} 16. Kf2 {[%emt 0:00:04]} Rxc3 {[%emt 0:00:11]} 17. Nxc3 {[%emt 0:00:01]} Rc8 {[%emt 0:00:10]} 18. Rc1 {[%emt 0:00:04]} Kg7 {[%emt 0:00:14]} 19. Ne2 {[%emt 0:01:16]} b6 {[%emt 0:00:39]} 20. Nf4 {[%emt 0:00:28]} Bg6 {[%emt 0:00:24]} 21. Rc3 {[%emt 0:00:19]} Rxc3 {[%emt 0:01:38]} 22. Qxc3 {[%emt 0:00:01]} Qb5 {[%emt 0:00:00]} 23. h4 {[%emt 0:01:37]} h5 {[%emt 0:00:13]} 24. b4 {[%emt 0:01:56]} Qd7 {[%emt 0:00:13]} 25. Ke1 {[%emt 0:00:42]} Qd6 {[%emt 0:00:39]} 26. Kd2 {[%emt 0:00:38]} e5 {[%emt 0:00:22]} 27. Ne2 {[%emt 0:00:11]} Bf5 {[%emt 0:00:36]} 28. Ke1 {[%emt 0:00:50]} Qd7 {[%emt 0:00:44]} 29. dxe5 {[%emt 0:00:05]} fxe5 {[%emt 0:00:10]} 30. Qxe5+ {[%emt 0:00:02]} f6 {[%emt 0:00:01]} 31. Qc3 {[%emt 0:00:11]} Qd6 {[%emt 0:00:59]} 32. Nf4 {[%emt 0:00:02]} Bg6 {[%emt 0:00:12]} 33. Qc7+ {[%emt 0:00:39]} Qxc7 {[%emt 0:00:11]} 34. Ne6+ {[%emt 0:00:01]} Kg8 {[%emt 0:00:27]} 35. Nxc7 {[%emt 0:00:01]} Bf7 {[%emt 0:00:01]} 36. Kd2 {[%emt 0:00:06]} Kf8 {[%emt 0:00:04]} 37. Kc3 {[%emt 0:00:04]} Ke7 {[%emt 0:00:10]} 38. Kd4 {[%emt 0:00:01] Ke8} 1-0

[Event "HUN-ch Rapid 2018"]
[Site "Ajka"]
[Date "2018.07.21"]
[Round "8"]
[White "Czebe, Attila"]
[Black "Almasi, Zoltan"]
[Result "1/2-1/2"]
[WhiteElo "2488"]
[BlackElo "2650"]
[Annotator "TA"]
[PlyCount "150"]
[EventDate "2018.07.20"]
[EventType "swiss"]
[EventCountry "HUN"]
[SourceTitle "playchess.com"]
[Source "ChessBase"]
[SourceQuality "1"]

{[%evp 9,150,20,18,22,22,25,32,22,25,17,16,-19,-14,-7,-4,0,0,0,8,6,23,19,25,20,26,31,31,36,40,-85,38,5,35,-114,30,7,13,0,51,33,56,52,72,43,272,103,119,126,119,107,88,87,152,65,62,54,73,83,82,82,70,71,77,18,140,4,5,17,90,87,93,79,106,63,107,61,63,16,12,12,64,0,0,0,0,0,8,0,8,0,0,0,0,0,0,0,0,0,0,0,0,0,0,0,10,0,0,0,0,0,3,4,4,0,0,0,4,0,4,0,8,0,17,9,17,17,17,17,16,16,16,15,15,15,24,24,24,0,0,0,60,9,9]} 1. Nf3 c5 2. b3 b6 3. g3 (3. Bb2 Bb7 4. c4 Nf6 5. g3 g6 6. Bxf6 exf6 7. Nc3 Bxf3 8. exf3 Nc6 9. Bg2 Bg7 10. Qe2+ Kf8 11. O-O f5 12. f4 Bf6 {1-0 (35) So,W (2778)-Vachier Lagrave,M (2789) Paris 2018}) 3... Bb7 4. Bg2 d6 5. d4 $146 ({Predecessor:} 5. O-O Nf6 6. Bb2 e6 7. e3 Be7 8. c4 O-O 9. Nc3 a6 10. Qe2 Qc7 11. Rac1 Nbd7 12. e4 Rac8 13. d4 cxd4 14. Nxd4 Qb8 15. Rfe1 Qa8 16. Kh1 Bd8 17. f4 Bc7 {0-1 (70) Giffard,N (2345)-Rouchouse,S (2187) France 2004}) 5... cxd4 6. Qxd4 {A04: Unusual lines after 1 Nf3 and King's Indian Attack} Nf6 7. O-O g6 8. Qh4 {White is slightly better.} h6 9. Bb2 Bg7 10. Ne1 {[%cal Bf3e1,Be1d3,Bd3b4][%mdl 32]} Qc8 11. Qh3 Nbd7 12. c4 O-O 13. Nd3 a6 14. Nc3 Bxg2 15. Qxg2 Rb8 16. Nb4 Re8 17. Rac1 Nc5 18. Rfd1 Rb7 19. f3 (19. Rc2 $14 {keeps the upper hand.}) 19... b5 (19... Nxb3 $1 $17 20. axb3 Qc5+ 21. e3 Qxb4) 20. cxb5 $14 axb5 {Threatening ...Nxb3!} 21. e4 (21. e3 $14 {stays ahead.}) 21... Qa8 ({Black should play} 21... Nxb3 $1 $17 22. axb3 Qc5+ 23. Kh1 Qxb4) 22. Qd2 Qa5 23. Ne2 Ra8 (23... Nfxe4 $11 24. fxe4 Bxb2 25. Qxb2 Qxb4) 24. Nd4 Qb6 {White should prevent ...e5.} 25. Kg2 $36 {[%mdl 2048] White has good play.} Rd7 26. Ndc6 Rc7 $2 {[#]} (26... e5 $1 $14) 27. e5 $2 (27. Nxe7+ $1 $18 {[%mdl 512]} Rxe7 28. Bxf6 Bxf6 29. Nd5) 27... dxe5 $16 28. Qf2 Rxc6 29. Nxc6 Qxc6 30. Rxc5 {[%cal Bc1c5,Bc5d5,Bd5d3][%mdl 32]} Qb7 {[#]} (30... Qe6 $142) 31. a3 ({White must play} 31. Rd2 $1 $16) 31... e4 $14 32. b4 exf3+ 33. Qxf3 Ne4 34. Rcd5 Bxb2 35. Qxe4 {aiming for Rd8+.} Kg7 36. Re1 (36. Re5 $16 Qxe4+ 37. Rxe4) 36... e6 {[#]} (36... Rxa3 $11 37. Rd2 Qxe4+ 38. Rxe4 Bc3) 37. Rd3 (37. Rxb5 $1 $16 {[%mdl 512]} Qxb5 38. Qxa8) 37... Qxe4+ $11 38. Rxe4 {[%mdl 4096] Endgame KRR-KRB} e5 (38... Rxa3 $11 {remains equal.} 39. Rd7 e5) 39. Re2 $16 Bd4 40. Rc2 f5 41. Rc7+ Kf6 42. Rc6+ Kg5 43. h4+ Kh5 44. Kh3 g5 ({Black should try} 44... Rf8 $11) 45. hxg5 (45. Rf6 $14) 45... hxg5 $11 46. Rc7 g4+ 47. Kg2 Kg6 48. Kf1 Kf6 49. Rc6+ Kg5 50. Kg2 Ra7 51. Rc8 Rd7 52. Rc5 Rb7 53. Rc8 Kf6 54. Rc6+ Kg5 55. Rc8 Rb6 56. Rd1 Rd6 57. Rh1 f4 58. gxf4+ exf4 {Strongly threatening ...f3+.} 59. Rg8+ Kf5 {...f3+ is the strong threat.} 60. Rh5+ Ke4 61. Rxg4 Be5 62. Kh1 Rd3 63. Rg1 Bd4 64. Re1+ Be3 65. Rxb5 Rxa3 66. Rb8 Ra7 67. Re8+ Kf3 {[%cal Ra7h7]} 68. Rf1+ Bf2 {[%cal Ra7h7]} 69. Rh8 {Black must now prevent Rh2.} Ke2 70. Rb1 {And now Rh2 would win.} Be3 71. Rh2+ Kd3 72. b5 Rb7 73. Kg2 {Hoping for Kf3.} Rg7+ 74. Kh1 Rb7 75. b6 (75. Rb3+ $14 Kc4 76. Rhb2) 75... Rxb6 {Precision: White = 42%, Black = 46%.} 1/2-1/2

[Event "HUN-ch Rapid 2018"]
[Site "Ajka"]
[Date "2018.07.21"]
[Round "8"]
[White "Horvath, Adam"]
[Black "Buzas, Bertalan"]
[Result "1-0"]
[WhiteElo "2479"]
[BlackElo "2133"]
[Annotator "TA"]
[PlyCount "77"]
[EventDate "2018.07.20"]
[EventType "swiss"]
[EventCountry "HUN"]
[SourceTitle "playchess.com"]
[Source "ChessBase"]
[SourceQuality "1"]

{[%evp 11,77,12,30,25,27,1,9,-25,6,8,58,43,80,90,127,115,177,154,174,166,195,204,203,199,214,214,220,218,205,122,110,92,130,70,347,25,31,25,50,25,43,25,60,0,0,0,0,0,38,46,105,91,1003,989,2400,2397,2396,2393,2204,2163,1615,1475,1486,1106,1476,1374,1146,1078]} 1. e4 c6 2. d4 d5 3. Nd2 dxe4 4. Nxe4 Nf6 5. Ng3 h5 6. h4 Bg4 {LiveBook: 16 Games} 7. f3 {B15: Caro-Kann: 3 Nc3: 3...g6 and 3...dxe4 4 Nxe4 Nf6 5 Nxf6+ exf6} (7. Be2 Nbd7 8. Nf3 e6 9. Ng5 Qc7 10. N3e4 Bf5 11. Bd3 Nxe4 12. Bxe4 Bxe4 13. Nxe4 Qa5+ 14. c3 Qd5 15. Qf3 {1-0 (65) Csonka,A (2366)-Horvath,Z (2381) Hungary 2018}) 7... Bd7 8. Bc4 e6 9. Qe2 $146 {The position is equal.} ({Predecessor:} 9. Be3 Be7 10. Bf2 Qb6 11. Bb3 a5 12. a4 Na6 13. c3 Nc7 14. Nh3 Qa6 {½-½ (41) Endresen,S-Holmen,P Oslo 2004}) 9... Be7 10. Bg5 a5 11. Nh3 Nd5 12. O-O Bxg5 13. Nxg5 Qe7 (13... Qf6 $16) 14. Rae1 $18 {Hoping for Nf5!} Qf6 15. c3 Qf4 16. N3e4 b5 {[#]} 17. Bd3 $1 O-O 18. g3 Qc7 19. f4 g6 20. Bc2 ({Better is} 20. Nc5 $18) 20... Na6 21. Bb3 Kg7 22. a3 (22. a4 $16) 22... c5 $2 {[%mdl 8192]} (22... f6 $14) 23. Kh2 $2 (23. f5 $18) 23... c4 $11 24. Bc2 b4 25. Nf3 bxa3 26. bxa3 Rab8 27. Ne5 ({White should try} 27. Rb1 $1 $14) 27... Rb2 28. Rf2 $36 {[%mdl 2048] Black is under pressure.} Ba4 $1 29. Qd1 Bxc2 30. Rxc2 Rxc2+ ({Black should play} 30... Rfb8 $14) 31. Qxc2 $16 {Ng5 is the strong threat.} f6 $2 {[%mdl 8192] [#]} (31... Rb8 $16) 32. Ng5 $1 $18 {[%mdl 512] White is clearly winning.} fxg5 33. Qxg6+ Kh8 34. Qh6+ Kg8 35. Qxe6+ Kh7 36. Qg6+ Kh8 37. Qxh5+ Qh7 38. Ng6+ Kg7 39. Qxh7+ {Precision: White = 44%, Black = 32%.} 1-0

[Event "HUN-ch Rapid 2018"]
[Site "Ajka"]
[Date "2018.07.21"]
[Round "8"]
[White "Horvath, Peter"]
[Black "Szukics, Adam"]
[Result "1/2-1/2"]
[WhiteElo "2438"]
[BlackElo "2010"]
[Annotator "TA"]
[PlyCount "44"]
[EventDate "2018.07.20"]
[EventType "swiss"]
[EventCountry "HUN"]
[SourceTitle "playchess.com"]
[Source "ChessBase"]
[SourceQuality "1"]

{[%evp 19,44,17,20,17,18,0,20,9,18,3,24,22,53,61,79,0,0,15,17,17,25,14,17,2,17,17,17]} 1. d4 d5 2. Nf3 Nf6 3. Bf4 c5 4. e3 Nc6 5. c3 Qb6 6. Qc2 cxd4 {D02: 1 d4 d5 2 Nf3 sidelines, including 2...Nf6 3 g3 and 2...Nf6 3 Bf4} (6... g6 7. Nbd2 Bg7 8. h3 O-O 9. Be2 Bf5 10. Qb3 c4 11. Qxb6 axb6 12. g4 Bd7 13. Ne5 Bc8 14. Bf3 {½-½ (53) Boruchovsky,A (2542)-Reshef,O (2467) Israel 2018}) 7. exd4 Bf5 8. Qb3 e6 9. Nbd2 Be7 10. Qxb6 axb6 {LiveBook: 3 Games} 11. Bb5 O-O 12. O-O Rfc8 $146 ({Predecessor:} 12... Nd7 13. Rfe1 h6 14. h4 {0-1 (57) Carmo e Silva,J (1790)-Parente,R (2188) Fortaleza 2017}) 13. Rfe1 Na7 14. Bf1 b5 15. a3 Nd7 {[%cal Bf6d7,Bd7b6,Bb6c4][%mdl 32]} 16. Ne5 Nb6 {[#]} 17. Bd3 (17. g4 $1 $16 {[%cal Rg4f5]} Bg6 18. Nxg6 hxg6 19. Nf3) 17... Bxd3 $11 18. Nxd3 Nc4 19. Nf3 Nc6 20. h3 N6a5 {The position is equal.} 21. Rad1 Bd6 {Strongly threatening ...Bxf4.} 22. Bxd6 Nxd6 1/2-1/2

[Event "HUN-ch Rapid 2018"]
[Site "Ajka"]
[Date "2018.07.21"]
[Round "8"]
[White "Mihok, Oliver"]
[Black "Csonka, Attila Istvan"]
[Result "1-0"]
[WhiteElo "2426"]
[BlackElo "2337"]
[Annotator "TA"]
[PlyCount "65"]
[EventDate "2018.07.20"]
[EventType "swiss"]
[EventCountry "HUN"]
[SourceTitle "playchess.com"]
[Source "ChessBase"]
[SourceQuality "1"]

{[%evp 17,65,37,32,29,32,24,70,26,43,38,51,11,168,124,135,125,184,25,75,67,65,31,15,6,21,0,0,0,142,0,0,-15,0,0,0,0,0,0,0,0,0,0,0,0,971,787,960,954,29991,29992]} 1. e4 c5 2. Nf3 e6 3. d4 cxd4 4. Nxd4 Nc6 5. Nc3 Qc7 6. Be3 a6 7. Qf3 {B48: Sicilian: Taimanov: 5 Nc3 Qc7 6 Be3 a6 without Be2} Nf6 8. O-O-O h5 (8... Ne5 9. Qg3 b5 10. a3 Bb7 11. Bxb5 Rc8 12. Ba4 Nxe4 13. Nxe4 Bxe4 14. Bf4 Qc4 15. Bxe5 Qxa4 {1-0 (38) Vachier Lagrave,M (2789)-Anand,V (2776) Karlsruhe/Baden-Baden 2018}) 9. Nxc6 dxc6 {LiveBook: 8 Games} 10. Be2 $146 ({Predecessor:} 10. h3 b5 11. e5 Nd5 12. Nxd5 exd5 13. Bd3 Be6 14. Rhe1 Qxe5 {½-½ (70) Zherebukh,Y (2633)-Ganguly,S (2657) Saint Louis 2018}) 10... e5 {aiming for ...Bg4.} 11. Qg3 Ng4 12. Bg5 (12. Bxg4 $5 Bxg4 13. f3 $11) 12... Be6 13. h3 Nf6 $1 14. f4 {[%cal Bf2f4,Bf4f5][%mdl 32]} Be7 $2 (14... h4 $11 {and Black has nothing to worry.} 15. Qf3 (15. Bxh4 exf4 16. Qg5 Be7 $11) 15... exf4) 15. f5 Bd7 16. Be3 b5 {[#]} (16... Kf8 $16 17. Bd4 Bd6) 17. Bf3 $2 (17. Bd4 $1 $18) 17... h4 18. Qf2 ({Of course not} 18. Qxg7 Rh7 $11) 18... c5 19. Nd5 Nxd5 20. Rxd5 {[%cal Re3c5]} Bc6 21. Rxc5 Bxc5 22. Bxc5 Rc8 {[#]} (22... f6 $11) 23. b4 ({White has to play} 23. f6 $1 $16 {[%cal Rf6g7][%mdl 512]} Bxe4 (23... gxf6 24. Bg4) 24. Bxe4 Qxc5 25. fxg7) 23... f6 $1 $11 24. Kb2 a5 25. c3 axb4 26. cxb4 Qf7 27. Qe3 Ra8 28. a3 Rd8 29. Rc1 Qd7 30. Rd1 Qxd1 $4 {[%mdl 8192]} (30... Qf7 $11) 31. Bxd1 $18 Rxd1 32. Qb3 {Intending Qe6+ and mate.} Bd7 33. Qxd1 {Precision: White = 48%, Black = 48%.} 1-0

[Event "HUN-ch Rapid 2018"]
[Site "Ajka"]
[Date "2018.07.21"]
[Round "8"]
[White "Jakab, Attila"]
[Black "Gledura, Benjamin"]
[Result "0-1"]
[WhiteElo "2363"]
[BlackElo "2574"]
[Annotator "TA"]
[PlyCount "60"]
[EventDate "2018.07.20"]
[EventType "swiss"]
[EventCountry "HUN"]
[SourceTitle "playchess.com"]
[Source "ChessBase"]
[SourceQuality "1"]

{[%evp 16,60,0,-24,33,27,26,26,38,6,45,0,18,-13,-15,-13,152,0,4,0,0,-88,-25,-45,8,-64,-41,-120,-103,-139,0,0,0,0,0,0,-12,-321,-268,-347,-239,-481,-466,-719,-626,-1262,-1229]} 1. d4 Nf6 2. c4 g6 3. Nc3 d5 4. Nf3 Bg7 5. Bf4 O-O 6. Rc1 dxc4 7. e4 Bg4 8. Bxc4 Bxf3 {D92: Grünfeld: 4 Nf3 Bg7 5 Bf4} 9. gxf3 {[%cal Bg2f3,Bf3f4,Bf4f5][%mdl 32] LiveBook: 33 Games} (9. Qxf3 {looks sharper.} Nh5 10. Be3 Bxd4 11. O-O c5 12. Bh6) 9... c6 $146 ({Black should play} 9... Nh5 $11 10. Be3 e6) ({Predecessor:} 9... Nh5 10. Be3 e5 11. dxe5 Bxe5 12. Qxd8 Rxd8 13. Ne2 Nc6 14. O-O Nd4 15. Nxd4 Bxd4 16. b4 a6 17. Rfd1 Bxe3 18. fxe3 Kf8 {½-½ (60) Sokolov,I (2653)-Avrukh,B (2591) Reykjavik 2012}) 10. Be3 $14 e6 {White has an edge.} 11. f4 Nbd7 12. O-O Nh5 13. Qg4 Kh8 14. f5 Nb6 15. Bb3 Bxd4 $2 (15... Nf6 $11 16. Qh4 exf5) 16. Rcd1 $2 (16. Rfd1 $16 e5 17. Ne2) 16... e5 17. Ne2 {[%cal Re2d4]} c5 $1 18. Nxd4 (18. Bg5 $11 Qc8 19. Bh6) 18... cxd4 (18... exd4 $17 19. f3 Qc7) 19. Bh6 Qd6 (19... Qf6 $15) 20. Rd3 (20. f4 $11 Nxf4 21. Bxf4 exf4 22. Qxf4 Qxf4 23. Rxf4) 20... Nd7 $15 {Hoping for ...Rg8.} 21. Rh3 (21. Kh1 $1 $15) 21... Ndf6 $17 22. Qe2 {[#]} Nf4 (22... gxf5 $1 $17 {[%mdl 512] White must now prevent ...Qc6.} 23. Rxh5 (23. Bxf8 $2 Qxf8 24. exf5 Nf4 $19) (23. exf5 Nf4) 23... Rg8+ 24. Kh1 Nxh5 25. Qxh5 Qg6 26. Qxg6 Rxg6) 23. Bxf4 $1 $11 exf4 24. e5 $1 {[%cal Re5d6]} Rae8 25. Re1 Qc5 $36 {[%mdl 2048] Black has good play.} 26. Rh4 $2 {[%mdl 8192]} (26. fxg6 $1 $11 {and White has nothing to worry.} fxg6 27. e6) 26... d3 {[%cal Bd4d3,Bd3d2][%mdl 32]} 27. Qd2 Rxe5 28. Rc1 $2 (28. Rxe5 Qxe5 29. Qxf4 Qe1+ 30. Kg2 gxf5 31. Rh3) 28... Qd6 $19 {Black is clearly winning.} 29. Rxf4 (29. Rh3 $142 Ne4 30. Qxd3) 29... Re2 30. Qc3 d2 {Precision: White = 30%, Black = 42%.} ({Worse is} 30... Qxf4 31. Qxf6+ Kg8 {[#]} 32. Bxf7+ $1 {[%mdl 512]} Rxf7 33. Rc8+ Re8 34. Rxe8+ Rf8 35. Rxf8#) 0-1

[Event "HUN-ch Rapid 2018"]
[Site "Ajka"]
[Date "2018.07.21"]
[Round "8"]
[White "Hajnal, Zoltan"]
[Black "Medvegy, Zoltan"]
[Result "0-1"]
[WhiteElo "2357"]
[BlackElo "2542"]
[Annotator "TA"]
[PlyCount "28"]
[EventDate "2018.07.20"]
[EventType "swiss"]
[EventCountry "HUN"]
[SourceTitle "playchess.com"]
[Source "ChessBase"]
[SourceQuality "1"]

{[%evp 10,28,15,15,20,12,18,-18,-16,-15,-11,-23,-19,-35,39,-151,-151,-147,-150,-512,-503]} 1. e4 c5 2. Nf3 Nf6 3. Nc3 d5 4. exd5 Nxd5 5. Ne5 Nxc3 (5... Nf6 6. Bc4 e6 7. O-O a6 8. d3 Nbd7 9. Bf4 Nxe5 10. Bxe5 Bd6 11. Qe2 O-O 12. a4 b6 13. Bxd6 Qxd6 {0-1 (27) Kharlov,A (2532)-Rakhmanov,A (2585) Samara 2011}) 6. bxc3 {LiveBook: 4 Games. B29: Sicilian: 2 Nf3 Nf6 (Nimzowitsch Variation)} Qc7 7. Bb5+ Nd7 8. Qh5 {The position is equal.} g6 9. Qe2 Bg7 10. Nxd7 Bxd7 11. O-O O-O-O $146 {[%cal Ba8d8,Bd8d2,Bd2d5][%mdl 32]} (11... a6 $15 12. Bxd7+ Qxd7) ({Predecessor:} 11... e6 12. Ba3 b6 13. d4 {0-1 (34) Kotan,L (2363)-Cvicela,A (2186) Tatranske Zruby 2005}) 12. Ba3 $2 {[#]} (12. Bxd7+ $14 {stays ahead.} Rxd7 13. Qc4) 12... Bxb5 $17 13. Qxb5 Rxd2 14. Bxc5 $2 (14. Qxc5 $17 {is tougher.} Qxc5 15. Bxc5) 14... Rd5 0-1

[Event "HUN-ch Rapid 2018"]
[Site "Ajka"]
[Date "2018.07.21"]
[Round "8"]
[White "Kiss, Pal"]
[Black "Papp, Petra"]
[Result "1/2-1/2"]
[WhiteElo "2356"]
[BlackElo "2287"]
[Annotator "NA RC"]
[PlyCount "38"]
[EventDate "2018.07.20"]
[EventType "swiss"]
[EventCountry "HUN"]
[SourceTitle "playchess.com"]
[Source "ChessBase"]
[SourceQuality "1"]
[TimeControl "1200+5"]

1. d4 {[%emt 0:00:01]} Nf6 {[%emt 0:00:01]} 2. c4 {[%emt 0:00:02]} g6 {[%emt 0:00:03]} 3. Nc3 {[%emt 0:00:02]} d5 {[%emt 0:00:01]} 4. Bf4 {[%emt 0:00:06]} Bg7 {[%emt 0:00:02]} 5. e3 {[%emt 0:00:01]} O-O {[%emt 0:00:09]} 6. Rc1 {[%emt 0:00:03]} Be6 {[%emt 0:00:10]} 7. cxd5 {[%emt 0:00:40]} Nxd5 {[%emt 0:00:08]} 8. Nxd5 {[%emt 0:00:04]} Qxd5 {[%emt 0:00:16]} 9. b3 {[%emt 0:00:15]} Qa5+ {[%emt 0:01:39]} 10. Qd2 {[%emt 0:00:02]} Qxd2+ {[%emt 0:00:01]} 11. Kxd2 {[%emt 0:00:03]} c6 {[%emt 0:00:04]} 12. Bc4 {[%emt 0:00:14]} Bxc4 {[%emt 0:00:42]} 13. Rxc4 {[%emt 0:00:04]} Nd7 {[%emt 0:00:13]} 14. Nf3 {[%emt 0:00:04]} Rfe8 {[%emt 0:00:29]} 15. Ke2 {[%emt 0:00:37]} e5 {[%emt 0:00:40]} 16. dxe5 {[%emt 0:00:21]} Nxe5 {[%emt 0:00:04]} 17. Nxe5 {[%emt 0:02:09]} Bxe5 {[%emt 0:00:02]} 18. Rd1 {[%emt 0:02:50]} Bxf4 {[%emt 0:00:29]} 19. Rxf4 {[%emt 0:00:03]} Re7 {[%emt 0:00:02]} 1/2-1/2